|
|
|
|
| LEADER |
00000cam a2200000 a 4500 |
| 001 |
vtls010287626 |
| 003 |
SK-MaSNL |
| 005 |
20260425223130.0 |
| 008 |
240313s2011 xr oc g hkqn 000 0bslo |
| 015 |
|
|
|a SNBZSA2012-00461
|
| 020 |
|
|
|a 9788073885250
|q (viaz.)
|
| 035 |
|
|
|a 3687EAD5-D47E-42AB-9C9D-CB74ECBB36B0
|
| 035 |
|
|
|a urn:nbn:sk:snk-amkw35
|
| 035 |
|
|
|a urn:nbn:sk:snk-am001z6j
|
| 040 |
|
|
|a SNK
|b slo
|c SNK
|e AACR2
|
| 041 |
1 |
|
|a slo
|h cze
|
| 043 |
|
|
|a e-xo---
|
| 044 |
|
|
|a xr
|c CZ
|
| 072 |
|
7 |
|a 929
|x Biografie
|2 konspekt
|
| 072 |
|
7 |
|a 791/793
|x Divadlo, film, tanec (všeobecne)
|2 konspekt
|
| 080 |
|
|
|a 791/792.071.2
|x (437.6)
|2 2001
|
| 080 |
|
|
|a 929 Satinský, Július
|2 2001
|
| 080 |
|
|
|a (437.6)
|2 2001
|
| 080 |
|
|
|a (0:82-94)
|2 2001
|
| 100 |
1 |
|
|a Nečas, Luboš,
|d 1972-
|4 aut
|9 98834
|
| 245 |
1 |
0 |
|a Július Satinský
|b srdečný pozdrav z neba
|c Ľuboš Nečas ; [z českého originálu přeložil Imrich Rešeta]
|
| 246 |
3 |
0 |
|a Srdečný pozdrav z neba
|
| 260 |
|
|
|a Praha
|b Nakladatelství XYZ
|c 2011
|
| 300 |
|
|
|a 250 s.
|b fotogr., portr.
|c 21 cm
|
| 500 |
|
|
|a Prel. z češtiny
|
| 500 |
|
|
|a Diskografia, teatrografia a filmografia Júliusa Satinského
|
| 504 |
|
|
|a Bibliogr. s. 244-251
|
| 600 |
1 |
7 |
|a Satinský, Július,
|d 1941-2002
|2 SNKMA
|9 101708
|
| 648 |
|
7 |
|a 20.-21. stor.
|2 SNKPH
|9 270701
|
| 650 |
0 |
7 |
|a Actors
|2 SNKPHeng
|9 278341
|
| 650 |
0 |
7 |
|a herci
|2 snkph
|9 3087
|
| 650 |
0 |
7 |
|a spomienky
|2 SNKPH
|9 55795
|
| 651 |
|
7 |
|a Slovensko
|2 SNKPH
|9 14231
|
| 651 |
|
7 |
|a Slovakia
|2 SVKBBeng
|9 92630
|
| 655 |
|
7 |
|a biografie
|2 SNKPH
|9 27965
|
| 655 |
|
7 |
|a Slovak stories
|2 SVKBBPHeng
|9 277112
|
| 655 |
|
7 |
|a Reminiscences
|2 SNKPheng
|9 93477
|
| 700 |
1 |
|
|a Rešeta, Imrich,
|d 1981-
|4 trl
|9 151885
|
| 852 |
|
|
|a Štátna vedecká knižnica v Banskej Bystrici
|
| 919 |
|
|
|a 978-80-7388-525-0
|
| 958 |
|
|
|a ZS
|
| 958 |
|
|
|a BX
|
| 958 |
|
|
|a NB
|
| 958 |
|
|
|a UP
|
| 958 |
|
|
|a CZ
|
| 958 |
|
|
|a OND
|
| 999 |
|
|
|c 577436
|d 579366
|
| 952 |
|
|
|a SNK
|b SNK
|y PREZ
|7 0
|p 17A0644379
|o snkSC 146659
|i snk2011/17676
|8 3
|g 8.91
|0 0
|1 0
|4 0
|d 2011-08-17
|l 0
|r 2025-07-15 00:00:00
|w 2026-02-23
|
| 952 |
|
|
|a SNK
|b SNK
|y VYP
|7 0
|p 17A0954183
|o snkSC 146659 D2
|i snk2012/10567
|8 4
|g 11.68
|0 0
|1 0
|4 0
|d 2012-04-26
|l 0
|r 2026-02-23 14:38:14
|w 2026-02-23
|
| 952 |
|
|
|t snkNEC 791.43:929
|a SNKUST
|b SNKUST
|y PREZ
|7 0
|p 17A0809686
|o snkSC 146659 D1
|i snk2012/8197
|8 3
|g 8.91
|0 0
|1 0
|4 0
|d 2012-04-23
|l 0
|r 2025-04-30 00:00:00
|w 2026-02-23
|
| 952 |
|
|
|a SNKLM
|b SNKLM
|y NEVYP
|7 0
|o snklmDK 6856 SNKLM
|i snklm2014/29
|8 3
|g 6.93
|0 0
|1 0
|4 0
|d 2015-01-22
|l 0
|r 2026-02-23 14:38:15
|w 2026-02-23
|